| 000 | 00716nmm a2200265 a 4500 | ||
|---|---|---|---|
| 003 | AR-BaBNM | ||
| 005 | 20251128205005.0 | ||
| 008 | 246019s1993 ||||||||||||||000 | spa|| | ||
| 020 | _a84-313-1228-9 | ||
| 040 | _cAR-BaBNM | ||
| 100 | 1 | _aCarol i Hostench, Antoni | |
| 245 | 1 | 0 | _aHombre, economía y ética |
| 260 |
_aPamplona _bEdiciones Universidad de Navarra _c1993 |
||
| 300 |
_a230 p. _bgráfs. |
||
| 500 | _aContiene referencias bibliográficas en p. 227 | ||
| 650 | 4 | _aDOCTRINAS ECONOMICAS | |
| 650 | 4 | _aCAPITALISMO | |
| 650 | 4 | _aMARXISMO | |
| 650 | 4 | _aJUSTICIA SOCIAL | |
| 650 | 4 | _aETICA | |
| 650 | 4 | _aECONOMIA | |
| 700 | 1 |
_aGarcía-Durán, J.A. _eprologuista |
|
| 942 | _cBK | ||
| 998 | _cMARTIN | ||
| 999 |
_c9604 _d9604 |
||